000 00616cam a2200205 a 4500
001 000009833
005 20200929161726.0
008 920303s1999 pr 000 0 spa
020 _a0929157168
040 _aDO-SdBNP
_bspa
_cLC
_dBNPHU
082 _aC861.44
_bV393m, 1999
100 1 _aVázquez Arce, Carmen.
_924747
245 1 0 _aMemoria de papel /
_cCarmen Vázquez Arce.
250 _a2a ed.
260 _aRío Piedras, Puerto Rico :
_bHuracán,
_c1999.
300 _a76 p. ;
_c17 cm.
650 4 _aPoesía puertorriqueña
_91015
650 4 _aLiteratura puertorriqueña
_9250
910 _aCatalogación derivada
999 _c9592
_d9592